000 00668nam a2200289Ia 4500
005 20260324144302.0
008 008 260324s9999 xx 000 0 eng d
020 _a9781315074832
037 _aEBOOK
040 _aCRL
040 _beng
040 _cCRL
041 _2eng
041 _aeng
084 _qCRL
100 _aH. Lenneberg
_91218758
245 0 _aWitnesses and Scholars
245 0 _bStudies in Musical Biography
260 _bTaylor and Francis
260 _c1988
365 _a
365 _b220
856 _uhttp://www.taylorfrancis.com/books/9781315074832
942 _cEBOOK
999 _c1825194
_d1825194